| 000 | 00901cam a2200265 i 4500 | ||
|---|---|---|---|
| 999 |
_c129222 _d129222 |
||
| 001 | 1828342 | ||
| 003 | ARRUPE | ||
| 005 | 20190315094104.0 | ||
| 008 | 800724s1980 mdu b 001 0 eng | ||
| 010 | _a 80067259 | ||
| 020 |
_a0819112097 : _c$21.75 |
||
| 020 |
_a0819112100 (pbk.) : _c$13.50 |
||
| 040 |
_aDLC _cDLC _dDLC |
||
| 043 | _ad------ | ||
| 050 | 0 | 0 |
_aBV2063 _b.D85 |
| 082 | 0 | 0 |
_a266/.001 _219 |
| 100 | 1 |
_aDunn, Edmond J. _945257 |
|
| 245 | 1 | 0 |
_aMissionary theology : _bfoundations in development / _cEdmond J. Dunn ; foreword by Richard P. McBrien. |
| 260 |
_aLanham, MD : _bUniversity Press of America, _cc1980. |
||
| 300 |
_axiv, 395 p. ; _c23 cm. |
||
| 504 | _aIncludes bibliographical references and indexes. | ||
| 650 | 0 |
_aMissions _xTheory. _945258 |
|
| 650 | 0 |
_aChristianity _zDeveloping countries. _927628 |
|
| 906 |
_a7 _bcbc _corignew _d1 _eopcn _f19 _gy-gencatlg |
||
| 942 |
_2lcc _cMONOGRAPH |
||